000 01104nam a2200181Ia 4500
003 GCL
008 140319s9999 xx 000 0 ara d
040 _aGCL /
_cGCL
082 0 4 _aط
_b813.087
_bم ا
100 1 _aمحمود قاسم
245 1 0 _aالغاز الشروق: سر الغابة الغامضة-الهروب داخل الجبل-قلعة المفاجآت العجيبة-سر الجزيرة الملغومة-قرصان مهم جداُ-اسرع رجل فى العالم-اختطاف مايكل جاكسون-ليلة مثيرة فى القاهرة-وكر الثعبان الاسود- وحش البحيرة السيد عضلات-معركة الكنج فو الاخيرة-اهلاُ.. يا وحش الامازون-انتقام الكومبيوتر الخارق-سر اختفاء كأس العالم-مغامرة فى مدينة الاشباح- /
_cمحمود قاسم
260 _aالقاهرة :
_bدار الشروق ،
_c1995
300 _aمتعدد ؛
_c20سم
490 _aالغاز الشروق
_v0
650 0 4 _aالاطفال
650 0 4 _aقصص الاطفال
942 _2ddc
_cBK
999 _c46039
_d46039